Entry Nombre personal
001 - NÚMERO DE CONTROL
- campo de control: 36768
003 - IDENTIFICADOR DE NÚMERO DE CONTROL
- campo de control: SpMaBN
005 - FECHA Y HORA DE LA ÚLTIMA TRANSACCIÓN
- campo de control: 20250807052518.0
008 - ELEMENTOS DE DATO DE LONGITUD-FIJA
- campo de control de longitud fija: 900725nn aijnnaabn a aaa
016 ## - NÚMERO DE CONTROL DE UNA AGENCIA BIBLIOGRÁFICA NACIONAL
- Número de control del registro: BNE19973021916
024 7# - IDENTIFICADOR DE OTROS ESTÁNDARES
- Número estándar o código: http://viaf.org/viaf/71625108/
- Fuente: viaf
024 7# - IDENTIFICADOR DE OTROS ESTÁNDARES
- Número estándar o código: https://isni.org/isni/0000000073261763
- Fuente: isni
024 7# - IDENTIFICADOR DE OTROS ESTÁNDARES
- Número estándar o código: http://www.wikidata.org/entity/Q55835919
- Fuente: wikidata
040 ## - FUENTE DE CATALOGACIÓN
- Centro catalogador/agencia de origen: SpMaBN
- Lengua de catalogación: spa
- Centro/agencia transcriptor: SpMaBN
- Normas de descripción: rdc
- Convención/Normas de encabezamiento de materia/tesauro: embne
046 ## - FECHAS CON CODIFICACIÓN ESPECIAL
- Fecha de nacimiento: 1669
- Fecha de la muerte: 1741
100 1# - ENCABEZAMIENTO-NOMBRE DE PERSONA
- Nombre de persona: Castillo Ruiz de Vergara, Pedro Agustín del,
- Fechas asociadas al nombre: 1669-1741
375 ## - GÉNERO/SEXO
- Género: Masculino
377 ## - IDIOMA ASOCIADO
- Código del idioma: spa
- Término de lengua/lenguaje: Español
400 1# - TRAZADO DE VÉASE--NOMBRE DE PERSONA
- Nombre de persona: Castillo y Ruiz de Vergara, Pedro Agustín del,
- Fechas asociadas al nombre: 1669-1741
400 1# - TRAZADO DE VÉASE--NOMBRE DE PERSONA
- Nombre de persona: Castillo, Pedro Agustín del,
- Fechas asociadas al nombre: 1669-1741
400 1# - TRAZADO DE VÉASE--NOMBRE DE PERSONA
- Nombre de persona: Castillo y León, Pedro Agustín del,
- Fechas asociadas al nombre: 1669-1741
400 1# - TRAZADO DE VÉASE--NOMBRE DE PERSONA
- Nombre de persona: Castillo, Pedro A. del,
- Fechas asociadas al nombre: 1669-1741
670 ## - FUENTE DE DATOS ENCONTRADOS
- Cita de la fuente: Consultas y papeles a diversos assumptos escriptos de órdenes superiores y de oficio, 2005
- Información encontrada: port. (Pedro Agustín del Castillo y Ruiz de Vergara)
670 ## - FUENTE DE DATOS ENCONTRADOS
- Cita de la fuente: Descripciō de las yslas de Canaria, 2007
- Información encontrada: port. Facs. (Pedro Augustín del Castillo y León)
670 ## - FUENTE DE DATOS ENCONTRADOS
- Cita de la fuente: Descripción histórica y geográfica de las Islas de Canaria, 2010
- Información encontrada: port. (Pedro A. del Castillo)
670 ## - FUENTE DE DATOS ENCONTRADOS
- Cita de la fuente: Pedro Agustín del Castillo, su vida y su obra, 2007
- Información encontrada: p. 11, etc. (n. 28-04-1669, Las Palmas; m. 1741; utilizaba los dos apellidos de su padre, pero al cumplir 25 años optó como segundo apellido por el de su madre Teresa Bernarda Ruiz de Vergara; historiador, geógrafo, jurista)
